|
|
|
|
| LEADER |
02078njm a2200481 a 4500 |
| 001 |
000249739 |
| 003 |
CZ BrMZK |
| 005 |
20040413101402.0 |
| 008 |
010907s1965 xr f cze d |
| 028 |
0 |
3 |
|a DV 6074-76
|b Supraphon
|
| 040 |
|
|
|a BOA001
|b cze
|
| 080 |
|
|
|a 792.54(086.7)
|2 MRF
|
| 080 |
|
|
|a 782.1(437.1)(086.7)
|2 MRF
|
| 100 |
1 |
|
|a Martinů, Bohuslav,
|d 1890-1959
|7 jk01080381
|4 cmp
|4 lbt
|
| 245 |
1 |
0 |
|a Julietta :
|b (Snář) : lyrická zpěvohra o 3 dějstvích /
|c Bohuslav Martinů
|
| 250 |
|
|
|a 1. vyd.
|
| 260 |
|
|
|a Praha :
|b Supraphon,
|c 1965
|
| 300 |
|
|
|a 3 LP desky :
|b 33 ot/min ;
|c 30 cm +
|e 1 příloha [26 s.].
|
| 306 |
|
|
|a 022505
|
| 490 |
1 |
|
|a Gramofonový klub
|
| 500 |
|
|
|a Libreto v příl.
|
| 500 |
|
|
|a Nahr. 1964
|
| 500 |
|
|
|a Durata 145:05
|
| 511 |
0 |
|
|a Marie Tauberová, zpěv; Ivo Žídek, zpěv; Antonín Zlesák, zpěv ... [et al.]. Sbor Národního divadla, sbm. Milan Malý; Orchestr Národního divadla, dir. Jaroslav Krombholc.
|
| 653 |
0 |
|
|a české operní texty
|
| 700 |
1 |
|
|a Malý, Milan,
|d 1930-2004
|7 jn19990009925
|4 cnd
|
| 700 |
1 |
|
|a Mixová, Ivana,
|d 1930-2002
|7 ola200204251
|4 prf
|
| 700 |
1 |
|
|a Otava, Zdeněk,
|d 1902-1980
|7 jk01091350
|4 prf
|
| 700 |
1 |
|
|a Procházková, Slávka,
|d 1912-1978
|7 xx0008206
|4 prf
|
| 700 |
1 |
|
|a Tauberová, Maria,
|d 1911-2003
|7 jn20000402336
|4 prf
|
| 700 |
1 |
|
|a Zlesák, Antonín,
|d 1921-1985
|7 mzk2004231252
|4 prf
|
| 700 |
1 |
|
|a Žídek, Ivo,
|d 1926-2003
|7 jn19981002503
|4 prf
|
| 700 |
1 |
|
|a Bednář, Václav,
|d 1905-1987
|7 jn99240000063
|4 prf
|
| 700 |
1 |
|
|a Hanzalíková, Ludmila,
|d 1921-2002
|7 ola200202119
|
| 700 |
1 |
|
|a Jedenáctík, Vladimír,
|d 1905-1980
|7 jn99240000372
|4 prf
|
| 700 |
1 |
|
|a Krombholc, Jaroslav,
|d 1918-1983
|7 jk01063408
|4 cnd
|
| 710 |
2 |
|
|a Národní divadlo v Praze.
|b Operní sbor
|7 ko2004251676
|
| 710 |
2 |
|
|a Národní divadlo v Praze.
|b Orchestr
|7 ko2003171957
|4 prf
|
| 830 |
|
0 |
|a Gramofonový klub
|
| 910 |
|
|
|a BOA001
|b LP-0005.116
|
| 964 |
|
|
|a Opery
|x texty české
|x LP
|
| 990 |
|
|
|a AV
|
| 996 |
6 |
|
|b 261H005284
|c LP-0005.116
|l MZK
|r Sklad / do 24 hodin
|n 0
|p kup
|w 000249739
|u 000010
|a 1
|e BOA001
|j MZK50
|s P
|